000 00627nam a2200241Ia 4500
003 OSt
005 20221007110142.0
006 a|||||r|||| 00| 0
007 ta
008 221006b |||||||| |||| 00| 0 eng d
024 _a20,488
037 _cTextual
040 _aLCO
_cLCO
_beng
041 _2eng
_aeng
082 _aZ1,8, M0
100 _aMani V.S
_9473742
245 0 _aInternational Adjudication
260 _aNew
_bDelhi Radiant Publication India
_c1980
300 _a456
650 _aINTERNATIONAL ADJUDICATION
_9707149
942 _hZ1,8, M0
_cTEXL
999 _c1190051
_d1190051